000 00538nam a2200205Ia 4500
999 _c14605
_d14605
003 0100
005 20190719115014.0
008 130303s9999 xx 000 0 und d
020 _a312409230
040 _cARRUPELIB
050 _aHN16.E49 1979
100 _aEldridge, Albert F
_947322
245 _aImages of conflict
260 _aNew York
_bSt. Martin's Press
_c1979
300 _aix
300 _b 229 p. 24 cm
650 _bSocial perception
_947323
700 _aAlbert F. Eldridge
_947324
942 _2lcc
_cMONOGRAPH